| 000 | 004900000a22001570004500 | ||
|---|---|---|---|
| 041 | 0 | _aSPA | |
| 082 | 0 | 4 | _aG 301.15 M5336m |
| 245 | 1 | 0 | _aMemorias del Primer Seminario Latinoamericano sobre hábitat urbano y medio ambiente / Instituto Colombiano para el Fomento de la Educación Superior |
| 260 | _aBogotá : ICFES | ||
| 300 | _a245 Pág | ||
| 001 | 13712 | ||
| 942 | _cBK | ||
| 999 |
_c42657 _d42657 |
||
| 336 |
_atexto _btxt _2rdacontent |
||
| 337 |
_2rdamedia _asin mediación _bn |
||
| 338 |
_2rdacarrier _avolumen _bnc |
||